[Event "Porec op"]
[Site "Porec"]
[Date "2009.12.05"]
[Round "6"]
[White "Jukic, Mihovil"]
[Black "Brecevac, Viktor"]
[Result "1-0"]
[WhiteElo "1743"]
[BlackElo "1551"]
[PlyCount "91"]
[EventDate "2009.12.03"]
[EventType "swiss"]
[EventRounds "7"]
[EventCountry "CRO"]
[SourceTitle "CBM 133 Extra"]
[Source "ChessBase"]
[SourceDate "2010.01.05"]
[SourceVersion "1"]
[SourceVersionDate "2010.01.05"]
[SourceQuality "1"]

1. e4 c6 2. d4 d5 3. Nc3 dxe4 4. Nxe4 Bf5 5. Ng3 Bg6 6. Nf3 h6 7. Bd3 Bxd3 8. Qxd3 e6 9. 0-0 Bd6 10. Nh5 g6 11. Nf4 Qf6 12. g3 Ne7 13. Re1 Nd7 14. Qe3 Nf5 15. Qb3 b6 16. Nxe6 Ne7 17. Nf4 0-0 18. Kg2 Kh7 19. Bd2 Rac8 20. c4 c5 21. d5 Nf5 22. Qc2 Rfe8 23. Bc3 Qd8 24. Nd3 f6 25. Rxe8 Qxe8 26. Re1 Qf7 27. Re6 Be7 28. Qe2 Re8 29. g4 Ng7 30. Re3 h5 31. h3 hxg4 32. hxg4 Bd6 33. Bd2 Rxe3 34. Qxe3 g5 35. Ng1 Qg6 36. Qh3+ Kg8 37. b3 Ne5 38. Nxe5 Bxe5 39. Qe3 Qh6 40. Nh3 Qh4 41. Qf3 Qh7 42. d6 Ne6 43. Qd5 Qd7 44. f4 Bxd6 45. f5 Kf7 46. Bxg5 1-0

[Event "Porec op"]
[Site "Porec"]
[Date "2009.12.03"]
[Round "1"]
[White "Orak, Tugomir"]
[Black "Brecevac, Viktor"]
[Result "1-0"]
[WhiteElo "2090"]
[BlackElo "1551"]
[PlyCount "83"]
[EventDate "2009.12.03"]
[EventType "swiss"]
[EventRounds "7"]
[EventCountry "CRO"]
[SourceTitle "CBM 133 Extra"]
[Source "ChessBase"]
[SourceDate "2010.01.05"]
[SourceVersion "1"]
[SourceVersionDate "2010.01.05"]
[SourceQuality "1"]

1. Nf3 Nf6 2. g3 g6 3. Bg2 Bg7 4. d4 d5 5. 0-0 0-0 6. b3 c6 7. Bb2 Na6 8. Nbd2 Nc7 9. c4 dxc4 10. bxc4 e6 11. e4 Nd7 12. Rb1 a6 13. c5 Re8 14. Nc4 Re7 15. Qb3 Ne8 16. Rfd1 Qc7 17. a4 Rb8 18. Bc3 Ndf6 19. Nfe5 Nd7 20. Ba5 b6 21. cxb6 Qb7 22. Bb4 Nxe5 23. dxe5 Rd7 24. a5 Rxd1+ 25. Rxd1 Bd7 26. Qd3 c5 27. Bc3 Bb5 28. Bf1 Bf8 29. Qc2 Qc6 30. Nb2 c4 31. Kg2 Ba3 32. f3 Rc8 33. h4 h5 34. Rd2 Bxb2 35. Qxb2 Qb7 36. Qb4 Rc6 37. Rd8 Rc8 38. Rd4 Qc6 39. Bxc4 Bxc4 40. Rxc4 Qxc4 41. Qxc4 Rxc4 42. b7 1-0

[Event "Porec CC-ch"]
[Site "Porec"]
[Date "2009.02.04"]
[Round "7"]
[White "Ikica, Ante"]
[Black "Brecevac, Viktor"]
[Result "1-0"]
[WhiteElo "2076"]
[BlackElo "1574"]
[PlyCount "73"]
[EventDate "2009.01.20"]
[EventType "tourn"]
[EventRounds "9"]
[EventCountry "CRO"]
[SourceTitle "EXT 2010"]
[Source "ChessBase"]
[SourceDate "2010.11.25"]
[SourceVersion "1"]
[SourceVersionDate "2010.11.25"]
[SourceQuality "1"]

1. e4 c6 2. d4 d5 3. Nc3 g6 4. Nf3 Bg4 5. Be2 Bg7 6. Be3 e6 7. Qd2 Qb6 8. 0-0 h5 9. Rfe1 Nf6 10. e5 Ne4 11. Nxe4 dxe4 12. Ng5 Bf5 13. c4 Qc7 14. c5 b5 15. a4 bxa4 16. Rxa4 a6 17. Bc4 0-0 18. Bf4 Rd8 19. Nxe4 Bxe5 20. Nd6 Bxd6 21. Bxd6 Rxd6 22. cxd6 Qxd6 23. Qe3 Qd7 24. Rea1 Qb7 25. b3 Qb6 26. h3 a5 27. Qc3 Ra7 28. Rxa5 Rd7 29. Ra8 Kh7 30. Qa5 Rb7 31. Qxb6 Rxb6 32. R1a7 Kg7 33. Rc7 Be4 34. Raa7 Bd5 35. Rxf7+ Kh6 36. h4 g5 37. Rf6# 1-0

[Event "Porec CC-ch"]
[Site "Porec"]
[Date "2009.01.26"]
[Round "2"]
[White "Grguric, Dragan"]
[Black "Brecevac, Viktor"]
[Result "1-0"]
[WhiteElo "2114"]
[BlackElo "1574"]
[PlyCount "61"]
[EventDate "2009.01.20"]
[EventType "tourn"]
[EventRounds "9"]
[EventCountry "CRO"]
[SourceTitle "EXT 2010"]
[Source "ChessBase"]
[SourceDate "2010.11.25"]
[SourceVersion "1"]
[SourceVersionDate "2010.11.25"]
[SourceQuality "1"]

1. e4 e6 2. d4 d5 3. e5 c5 4. c3 Nc6 5. Nf3 Qc7 6. Bd3 cxd4 7. cxd4 Bb4+ 8. Nc3 Nge7 9. 0-0 a6 10. Ne2 h6 11. Ng3 g6 12. Be3 Nf5 13. Bxf5 exf5 14. Rc1 Be6 15. a3 Be7 16. b4 Qd7 17. Re1 Rc8 18. Qd3 Na7 19. Rxc8+ Nxc8 20. Rc1 Nb6 21. h4 Kf8 22. Ne2 Nc4 23. Nf4 b5 24. Qb3 Kg7 25. Nd3 Rc8 26. Nc5 Bxc5 27. dxc5 Nxe3 28. Qxe3 Qe8 29. Nd4 Bd7 30. Qg3 Bc6 31. Nxf5+ 1-0

[Event "Porec op"]
[Site "Porec"]
[Date "2008.12.04"]
[Round "1"]
[White "Ikica, Ante"]
[Black "Brecevac, Viktor"]
[Result "1-0"]
[WhiteElo "2070"]
[BlackElo "1562"]
[PlyCount "107"]
[EventDate "2008.12.04"]
[EventType "swiss"]
[EventRounds "7"]
[EventCountry "CRO"]
[SourceTitle "CBM 127 Extra"]
[Source "ChessBase"]
[SourceDate "2009.01.08"]
[SourceVersion "2"]
[SourceVersionDate "2009.01.28"]
[SourceQuality "1"]

1. Nf3 Nf6 2. c4 c5 3. g3 Nc6 4. Bg2 g6 5. 0-0 Bg7 6. d3 0-0 7. Nc3 d6 8. h3 h6 9. Rb1 a6 10. a3 Bd7 11. b4 cxb4 12. axb4 Qc8 13. Kh2 Rb8 14. b5 axb5 15. Nxb5 Ra8 16. Be3 Ra5 17. Qd2 Kh7 18. Rfc1 Qa8 19. Nc7 Qc8 20. Bb6 Rh5 21. h4 g5 22. Rh1 gxh4 23. Nxh4 Ng4+ 24. Kg1 Bf6 25. Nf3 Rxh1+ 26. Bxh1 Bf5 27. Nd5 Qe6 28. e4 Bg6 29. Bg2 Nge5 30. Nh2 Ng4 31. Nf3 Nce5 32. Nd4 Qd7 33. f3 Rg8 34. fxg4 Qxg4 35. Nxf6+ exf6 36. Qf4 Qxf4 37. gxf4 Nxd3 38. f5 Bh5 39. Kh2 Nf4 40. Bh1 Ra8 41. Kg3 Ne2+ 42. Nxe2 Bxe2 43. c5 dxc5 44. Bxc5 Ba6 45. Bd4 Kg7 46. Kf4 Rd8 47. Rg1+ Kh7 48. Bxf6 Rg8 49. Rc1 Rb8 50. Rc7 Kg8 51. e5 b5 52. Bd5 Rf8 53. Be7 Rc8 54. Ra7 1-0

[Event "Porec op"]
[Site "Porec"]
[Date "2007.12.09"]
[Round "7"]
[White "Milasincic, Stjepan"]
[Black "Brecevac, Viktor"]
[Result "1-0"]
[WhiteElo "1676"]
[BlackElo "1600"]
[PlyCount "81"]
[EventDate "2007.12.06"]
[EventType "swiss"]
[EventRounds "7"]
[EventCountry "CRO"]
[SourceTitle "CBM 121 Extra"]
[Source "ChessBase"]
[SourceDate "2008.01.10"]
[SourceVersion "1"]
[SourceVersionDate "2008.01.10"]
[SourceQuality "1"]

1. e4 g6 2. g3 Bg7 3. Bg2 d6 4. d3 e5 5. Nc3 Be6 6. Be3 a6 7. h3 Qd7 8. Qd2 Nc6 9. Nge2 h6 10. a3 Nge7 11. d4 exd4 12. Nxd4 Nxd4 13. Bxd4 f6 14. Be3 Nc6 15. f4 Bf7 16. g4 0-0-0 17. 0-0 Rhe8 18. Rab1 h5 19. Bf3 Kb8 20. b4 hxg4 21. hxg4 f5 22. g5 Bxc3 23. Qxc3 fxe4 24. Bg2 Na7 25. Qd4 Nc6 26. Qb2 Bc4 27. Rfd1 d5 28. c3 b5 29. Ra1 Na7 30. Qf2 Nc6 31. a4 Qg7 32. axb5 Bxb5 33. Bf1 Qxc3 34. Bxb5 axb5 35. Rdc1 Qh8 36. Qa2 Kc8 37. Qa6+ Kd7 38. Qxc6+ Ke7 39. Ra7 Kf8 40. Qxc7 d4 41. Qf7# 1-0

[Event "Porec op"]
[Site "Porec"]
[Date "2007.12.07"]
[Round "4"]
[White "Tomic, Petar"]
[Black "Brecevac, Viktor"]
[Result "1-0"]
[WhiteElo "1600"]
[BlackElo "1600"]
[PlyCount "81"]
[EventDate "2007.12.06"]
[EventType "swiss"]
[EventRounds "7"]
[EventCountry "CRO"]
[SourceTitle "CBM 121 Extra"]
[Source "ChessBase"]
[SourceDate "2008.01.10"]
[SourceVersion "1"]
[SourceVersionDate "2008.01.10"]
[SourceQuality "1"]

1. b3 e5 2. g3 Nc6 3. Bg2 Nf6 4. Bb2 d6 5. d3 g6 6. a3 Bg7 7. Nf3 0-0 8. 0-0 Re8 9. e4 Bg4 10. h3 Bd7 11. d4 h6 12. Ne1 Nh7 13. d5 Ne7 14. Kh1 f5 15. f3 Rf8 16. Nd3 g5 17. g4 f4 18. c4 Ng6 19. Nd2 Nf6 20. a4 Qe8 21. Ba3 b6 22. Nb4 a5 23. Nd3 Nh4 24. Nf2 Qg6 25. Rg1 Kf7 26. Rc1 Rh8 27. c5 dxc5 28. Bxc5 bxc5 29. Rxc5 Rhc8 30. Qc2 Ne8 31. Nc4 Qa6 32. Nd3 Bf8 33. Ndxe5+ Ke7 34. Nxd7 Kxd7 35. Rc6 Qb7 36. e5 Ra6 37. e6+ Kd8 38. Ne5 Nd6 39. Rc1 Ke7 40. Qh7+ Kf6 41. Nd7# 1-0